[Event "World Youth Stars 2nd"]
[Site "Kirishi"]
[Date "2004.06.22"]
[Round "5"]
[White "Zhigalko, Sergei"]
[Black "Potapov, Pavel"]
[Result "1-0"]
[WhiteElo "2486"]
[BlackElo "2240"]
[PlyCount "121"]
[EventDate "2004.06.18"]
[EventType "tourn"]
[EventRounds "11"]
[EventCountry "RUS"]
[EventCategory "4"]
[SourceTitle "CBM 100 Extra"]
[Source "ChessBase"]
[SourceDate "2004.07.06"]
[SourceVersion "2"]
[SourceVersionDate "2004.07.06"]
[SourceQuality "1"]

1. e4 c5 2. Nf3 Nc6 3. c3 Nf6 4. e5 Nd5 5. Bc4 Nb6 6. Bb3 c4 7. Bc2 Qc7 8. Qe2 g5 9. e6 dxe6 10. Nxg5 Qe5 11. d4 cxd3 12. Bxd3 Qxe2+ 13. Bxe2 h6 14. Ne4 e5 15. Ng3 Be6 16. O-O O-O-O 17. Re1 f6 18. Nd2 Nd5 19. Ndf1 Bf7 20. Bh5 Bxh5 21. Nxh5 f5 22. Ne3 Nxe3 23. Bxe3 Rg8 24. f4 e4 25. Rad1 Rxd1 26. Rxd1 e6 27. Kf2 Be7 28. h3 Rd8 29. Ke2 Rxd1 30. Kxd1 Kd7 31. g4 Bh4 32. gxf5 exf5 33. Ng7 Ne7 34. Bxa7 Bf6 35. Nh5 Bh4 36. Ke2 Ke6 37. Bc5 Kf7 38. Bxe7 Kxe7 39. Ng7 Kf6 40. Ne8+ Ke7 41. Nc7 Bg3 42. Nd5+ Kd6 43. Ne3 Ke6 44. Ng2 Kd5 45. b3 Kd6 46. a4 Kd5 47. a5 Kd6 48. b4 Kd5 49. b5 Kc5 50. c4 h5 51. h4 Kd6 52. a6 bxa6 53. bxa6 Kc6 54. c5 Kc7 55. Ne3 Kb8 56. c6 Bxf4 57. Nd5 Be5 58. Ke3 Bh2 59. c7+ Kc8 60. Nb6+ Kxc7 61. a7 1-0

[Event "World Youth Stars 2nd"]
[Site "Kirishi"]
[Date "2004.06.23"]
[Round "6"]
[White "Zhigalko, Sergei"]
[Black "Lintchevski, Daniil"]
[Result "1-0"]
[WhiteElo "2486"]
[BlackElo "2248"]
[PlyCount "117"]
[EventDate "2004.06.18"]
[EventType "tourn"]
[EventRounds "11"]
[EventCountry "RUS"]
[EventCategory "4"]
[SourceTitle "CBM 100 Extra"]
[Source "ChessBase"]
[SourceDate "2004.07.06"]
[SourceVersion "2"]
[SourceVersionDate "2004.07.06"]
[SourceQuality "1"]

1. e4 e5 2. Nf3 Nc6 3. Bb5 Nf6 4. O-O Nxe4 5. d4 Be7 6. dxe5 O-O 7. Qd5 Nc5 8. Be3 d6 9. Bxc5 dxc5 10. Bxc6 bxc6 11. Qe4 Rb8 12. b3 Qd5 13. Qf4 Qe6 14. c4 Qg4 15. Qe3 Bf5 16. Nc3 Rbd8 17. Rad1 Bc2 18. Rd2 Rxd2 19. Qxd2 Qg6 20. Qd7 Bd8 21. Qd2 Be7 22. Qd7 Bd8 23. Ne2 Qd3 24. Qxd3 Bxd3 25. Re1 Be7 26. Nc3 Rd8 27. Rd1 Kf8 28. g3 Ke8 29. Ne1 Bf5 30. Rxd8+ Kxd8 31. f4 g5 32. Kf2 Kd7 33. Ke3 f6 34. fxg5 fxg5 35. Ne4 Ke6 36. Nd3 h6 37. a4 Bg4 38. a5 Bf5 39. Ndxc5+ Bxc5+ 40. Nxc5+ Kxe5 41. b4 Bc8 42. Nd3+ Kf5 43. Kd4 Kg4 44. Ne5+ Kh3 45. Nxc6 Kxh2 46. Nxa7 Bb7 47. b5 h5 48. a6 Ba8 49. c5 h4 50. g4 h3 51. b6 Kg3 52. b7 Bxb7 53. axb7 h2 54. b8=Q h1=Q 55. Qxc7+ Kxg4 56. Qd7+ Kg3 57. Qd6+ Kg4 58. Qe6+ Kh5 59. Qe8+ 1-0

[Event "World Youth Stars 2nd"]
[Site "Kirishi"]
[Date "2004.06.25"]
[Round "7"]
[White "Nepomniachtchi, Ian"]
[Black "Zhigalko, Sergei"]
[Result "1/2-1/2"]
[WhiteElo "2445"]
[BlackElo "2486"]
[PlyCount "71"]
[EventDate "2004.06.18"]
[EventType "tourn"]
[EventRounds "11"]
[EventCountry "RUS"]
[EventCategory "4"]
[SourceTitle "CBM 100 Extra"]
[Source "ChessBase"]
[SourceDate "2004.07.06"]
[SourceVersion "2"]
[SourceVersionDate "2004.07.06"]
[SourceQuality "1"]

1. e4 c5 2. c3 d5 3. exd5 Qxd5 4. d4 Nf6 5. Nf3 Bg4 6. Be2 e6 7. h3 Bh5 8. O-O Nc6 9. Be3 cxd4 10. cxd4 Be7 11. Nc3 Qd6 12. Qb3 O-O 13. Rfd1 Rfd8 14. a3 a6 15. Na4 b5 16. Nc5 Qd5 17. Rac1 Rdc8 18. Qxd5 Nxd5 19. g4 Bg6 20. a4 Bxc5 21. Rxc5 bxa4 22. Ra1 Nb6 23. Ne5 Nb4 24. Bf3 N4d5 25. Rac1 f6 26. Nc4 Rxc5 27. dxc5 Nxc4 28. Rxc4 Be8 29. c6 Rc8 30. c7 Bb5 31. Rc5 Kf7 32. Bxd5 exd5 33. f4 Ke6 34. f5+ Kd7 35. Bf4 Bc4 36. Kf2 1/2-1/2

[Event "World Youth Stars 2nd"]
[Site "Kirishi"]
[Date "2004.06.26"]
[Round "8"]
[White "Zhigalko, Sergei"]
[Black "Andreikin, Dmitry"]
[Result "1/2-1/2"]
[WhiteElo "2486"]
[BlackElo "2418"]
[PlyCount "49"]
[EventDate "2004.06.18"]
[EventType "tourn"]
[EventRounds "11"]
[EventCountry "RUS"]
[EventCategory "4"]
[SourceTitle "CBM 100 Extra"]
[Source "ChessBase"]
[SourceDate "2004.07.06"]
[SourceVersion "2"]
[SourceVersionDate "2004.07.06"]
[SourceQuality "1"]

1. e4 e6 2. d4 d5 3. e5 c5 4. c3 Qb6 5. Nf3 Bd7 6. Be2 cxd4 7. cxd4 Bb5 8. Nc3 Bxe2 9. Nxe2 Bb4+ 10. Kf1 Nc6 11. g3 Be7 12. Kg2 h5 13. h4 O-O-O 14. Rb1 Nh6 15. Bxh6 Rxh6 16. b4 Kb8 17. a3 Rc8 18. Qd3 Rhh8 19. Rhc1 a6 20. Nc3 Na7 21. Na4 Qb5 22. Qd1 Rxc1 23. Rxc1 Rc8 24. Nc5 Ka8 25. Rb1 1/2-1/2

[Event "World Youth Stars 2nd"]
[Site "Kirishi"]
[Date "2004.06.27"]
[Round "9"]
[White "Rodshtein, Maxim"]
[Black "Zhigalko, Sergei"]
[Result "0-1"]
[WhiteElo "2366"]
[BlackElo "2486"]
[PlyCount "172"]
[EventDate "2004.06.18"]
[EventType "tourn"]
[EventRounds "11"]
[EventCountry "RUS"]
[EventCategory "4"]
[SourceTitle "CBM 100 Extra"]
[Source "ChessBase"]
[SourceDate "2004.07.06"]
[SourceVersion "2"]
[SourceVersionDate "2004.07.06"]
[SourceQuality "1"]

1. d4 Nf6 2. c4 e6 3. g3 d5 4. Nf3 dxc4 5. Bg2 Nbd7 6. Nbd2 Nb6 7. Nxc4 Nxc4 8. Qa4+ Bd7 9. Qxc4 Bc6 10. O-O Be7 11. Bg5 O-O 12. Rac1 Rc8 13. Rfe1 Be4 14. e3 Nd7 15. Bxe7 Qxe7 16. Qa4 Rfd8 17. Qa5 c5 18. dxc5 Qf6 19. Nd4 Bxg2 20. Kxg2 Nxc5 21. Qa3 Ne4 22. Nf3 g5 23. Qb4 Qf5 24. Rxc8 Rxc8 25. Re2 g4 26. Nh4 Qd5 27. Qd4 Qxd4 28. exd4 Nf6 29. f3 h5 30. fxg4 hxg4 31. h3 gxh3+ 32. Kxh3 Rc1 33. Nf3 Kg7 34. g4 b5 35. a3 a5 36. Kg3 Nd5 37. Ne5 Rd1 38. Rf2 f6 39. Nc6 Kg6 40. Nxa5 Rxd4 41. Nb3 Rc4 42. Nd2 Rc1 43. Nf3 Rc4 44. Nd2 Ra4 45. Nf3 Ne3 46. Nh2 e5 47. Re2 Nc4 48. Nf3 Nd6 49. Nh4+ Kf7 50. Nf3 Ke6 51. Kh3 Nf7 52. Kg3 Rc4 53. Rd2 Nh6 54. Nh2 Nf7 55. Nf3 Nd6 56. Kh3 Ne4 57. Re2 Kd5 58. Nh4 Kd4 59. Nf3+ Kd3 60. Re1 Nf2+ 61. Kg3 Nxg4 62. b3 Rf4 63. Ra1 Ne3 64. a4 Rg4+ 65. Kh3 Rg8 66. axb5 e4 67. Nh4 f5 68. b6 Rb8 69. Kg3 Rxb6 70. Ra5 Rxb3 71. Nxf5 Nxf5+ 72. Rxf5 Kd2+ 73. Kg2 e3 74. Rd5+ Rd3 75. Re5 Rd8 76. Kf3 Rf8+ 77. Kg2 e2 78. Rd5+ Ke3 79. Re5+ Kd2 80. Rd5+ Ke1 81. Kg1 Rg8+ 82. Kh2 Rg7 83. Kh3 Rg8 84. Kh2 Rg4 85. Kh3 Kf1 86. Rf5+ Kg1 0-1

[Event "World Youth Stars 2nd"]
[Site "Kirishi"]
[Date "2004.06.28"]
[Round "10"]
[White "Zhigalko, Sergei"]
[Black "Howell, David"]
[Result "1/2-1/2"]
[WhiteElo "2493"]
[BlackElo "2304"]
[PlyCount "120"]
[EventDate "2004.06.18"]
[EventType "tourn"]
[EventRounds "11"]
[EventCountry "RUS"]
[EventCategory "4"]
[SourceTitle "CBM 100 Extra"]
[Source "ChessBase"]
[SourceDate "2004.07.06"]
[SourceVersion "2"]
[SourceVersionDate "2004.07.06"]
[SourceQuality "1"]

1. e4 e5 2. Nf3 Nc6 3. Bb5 a6 4. Ba4 Nf6 5. O-O Be7 6. Re1 b5 7. Bb3 O-O 8. h3 Bb7 9. d3 d6 10. a3 Nb8 11. Nbd2 Nbd7 12. Nf1 Re8 13. Ng3 g6 14. Be3 Bf8 15. Qd2 Bg7 16. Rad1 Nc5 17. Ba2 Qe7 18. c3 Rad8 19. Qc2 Qf8 20. Qc1 Ncd7 21. Bg5 h6 22. Be3 d5 23. Qc2 c5 24. b4 c4 25. dxc4 dxc4 26. Bb1 Qe7 27. a4 Nb8 28. Bc5 Qe6 29. a5 Bf8 30. Bb6 Rd7 31. Rxd7 Nfxd7 32. Be3 Nc6 33. Rd1 Rd8 34. Qe2 h5 35. Rf1 Bd6 36. Bc2 Nf8 37. Re1 Qe7 38. Qf1 Ne6 39. Ne2 Qf6 40. h4 Nf4 41. Bb6 Re8 42. Ng5 Bc8 43. g3 Ne6 44. Nh3 Nf8 45. Kh2 Bg4 46. Neg1 Nd7 47. Be3 Qe7 48. f3 Be6 49. Rd1 Rd8 50. Ng5 Nf8 51. Qf2 Bc8 52. Rf1 Ne6 53. Nxe6 Bxe6 54. Bg5 f6 55. Be3 Bb8 56. Rd1 Rxd1 57. Bxd1 Ba7 58. Bc2 Bxe3 59. Qxe3 Qa7 60. Qxa7 Nxa7 1/2-1/2

[Event "World Youth Stars 2nd"]
[Site "Kirishi"]
[Date "2004.06.29"]
[Round "11"]
[White "Kuzubov, Yuriy"]
[Black "Zhigalko, Sergei"]
[Result "1-0"]
[WhiteElo "2463"]
[BlackElo "2493"]
[PlyCount "89"]
[EventDate "2004.06.18"]
[EventType "tourn"]
[EventRounds "11"]
[EventCountry "RUS"]
[EventCategory "4"]
[SourceTitle "CBM 100 Extra"]
[Source "ChessBase"]
[SourceDate "2004.07.06"]
[SourceVersion "2"]
[SourceVersionDate "2004.07.06"]
[SourceQuality "1"]

1. d4 d5 2. c4 e6 3. Nf3 c6 4. Qc2 dxc4 5. Qxc4 Nf6 6. Bg5 b5 7. Qc2 Bb7 8. Nbd2 Nbd7 9. e4 h6 10. Bh4 a6 11. O-O-O c5 12. d5 e5 13. g4 g5 14. Bg3 Bd6 15. h4 Rg8 16. Be2 Nxg4 17. Nxg5 Ndf6 18. Bxg4 Nxg4 19. Ngf3 h5 20. Ng5 Qc7 21. Nf1 O-O-O 22. f3 Nh6 23. Bf2 Kb8 24. Ng3 c4 25. Nxh5 Rc8 26. Kb1 b4 27. Rc1 Rg6 28. Qd2 Qa5 29. Ng3 Qb5 30. Qe2 Bc5 31. Bxc5 Rxc5 32. Nf1 a5 33. Ne3 Ba6 34. Rc2 Qa4 35. Nxc4 b3 36. axb3 Qxb3 37. Rhc1 Qb4 38. Rc3 Rb6 39. Nxb6 Rxc3 40. Qxa6 Rxc1+ 41. Kxc1 Qe1+ 42. Kc2 Qf2+ 43. Kb1 Qxh4 44. Qa8+ Kc7 45. Qc6+ 1-0

[Event "Pardubice Skanska op"]
[Site "Pardubice"]
[Date "2004.07.31"]
[Round "9"]
[White "Borovikov, Vladislav"]
[Black "Zhigalko, Sergei"]
[Result "1/2-1/2"]
[WhiteElo "2587"]
[BlackElo "2478"]
[PlyCount "33"]
[EventDate "2004.07.23"]
[EventType "swiss"]
[EventRounds "9"]
[EventCountry "CZE"]
[SourceTitle "CBM 101 Extra"]
[Source "ChessBase"]
[SourceDate "2004.09.01"]
[SourceVersion "2"]
[SourceVersionDate "2004.09.01"]
[SourceQuality "1"]

1. d4 d5 2. c4 e6 3. Nf3 c6 4. Qc2 dxc4 5. Qxc4 Nf6 6. Bg5 b5 7. Qc2 Bb7 8. e3 Nbd7 9. Nbd2 a6 10. a4 Rc8 11. Qb3 Be7 12. Be2 O-O 13. O-O h6 14. Bh4 Nd5 15. Bxe7 Qxe7 16. Rfc1 N5b6 17. axb5 1/2-1/2

[Event "Stork Young Masters"]
[Site "Hengelo"]
[Date "2004.08.09"]
[Round "1"]
[White "Zhigalko, Sergei"]
[Black "Dimitrijevic, Aleksandra"]
[Result "1-0"]
[WhiteElo "2478"]
[BlackElo "2292"]
[PlyCount "125"]
[EventDate "2004.08.03"]
[EventType "tourn"]
[EventRounds "9"]
[EventCountry "NED"]
[EventCategory "5"]
[SourceTitle "CBM 101 Extra"]
[Source "ChessBase"]
[SourceDate "2004.09.01"]
[SourceVersion "2"]
[SourceVersionDate "2004.09.01"]
[SourceQuality "1"]

1. e4 c6 2. d4 d5 3. e5 Bf5 4. Nd2 e6 5. Nb3 c5 6. dxc5 Bxc5 7. Nxc5 Qa5+ 8. c3 Qxc5 9. Nf3 f6 10. Qa4+ Nc6 11. Be3 Qa5 12. Qxa5 Nxa5 13. exf6 gxf6 14. Nd4 Ne7 15. Nb5 Kd7 16. O-O-O a6 17. Nd4 Rac8 18. Nxf5 Nxf5 19. Bf4 b5 20. Kb1 Nd6 21. Bd3 e5 22. Bc1 Ke6 23. Rhe1 Rhg8 24. g3 Nab7 25. h4 Rc7 26. Bf1 Nc5 27. g4 Rxg4 28. Bh3 f5 29. Bxg4 fxg4 30. Rg1 Rg7 31. h5 Nf5 32. Rde1 Nd3 33. Re2 e4 34. Bd2 Ke5 35. Rd1 g3 36. fxg3 Rxg3 37. Kc2 Nc5 38. Rf1 e3 39. Rxf5+ Kxf5 40. Bxe3 Ne4 41. Kd3 Ke5 42. h6 Nc5+ 43. Kc2 Ne4 44. Kb3 Rg6 45. Kb4 Ng3 46. Rg2 Kf6 47. Bd4+ Kf7 48. Ka5 Nf5 49. Rxg6 Kxg6 50. Bg1 Kxh6 51. Kxa6 b4 52. Kb6 Kg5 53. Kc5 bxc3 54. bxc3 h5 55. a4 Ne7 56. a5 h4 57. a6 Nc8 58. Kxd5 h3 59. Kc6 Kg4 60. Bh2 Kf3 61. Kb7 Kg2 62. Kxc8 Kxh2 63. a7 1-0

[Event "Stork Young Masters"]
[Site "Hengelo"]
[Date "2004.08.10"]
[Round "2"]
[White "Leenhouts, Koen"]
[Black "Zhigalko, Sergei"]
[Result "1/2-1/2"]
[WhiteElo "2305"]
[BlackElo "2478"]
[PlyCount "57"]
[EventDate "2004.08.03"]
[EventType "tourn"]
[EventRounds "9"]
[EventCountry "NED"]
[EventCategory "5"]
[SourceTitle "CBM 101 Extra"]
[Source "ChessBase"]
[SourceDate "2004.09.01"]
[SourceVersion "2"]
[SourceVersionDate "2004.09.01"]
[SourceQuality "1"]

1. e4 c5 2. Nf3 Nc6 3. d4 cxd4 4. Nxd4 Nf6 5. Nc3 e5 6. Ndb5 d6 7. Nd5 Nxd5 8. exd5 Nb8 9. c4 Be7 10. Bd3 a6 11. Nc3 O-O 12. O-O f5 13. f3 Qe8 14. Be3 f4 15. Bf2 Rf6 16. Bh4 Rh6 17. Bxe7 Qxe7 18. Qe1 Nd7 19. Qf2 Nf6 20. Ne4 Bf5 21. Nxf6+ Qxf6 22. Bxf5 Qxf5 23. Rac1 Rf8 24. Rfe1 Rg6 25. b4 Qd3 26. Qc2 Qd4+ 27. Qf2 Qd3 28. Qc2 Qd4+ 29. Qf2 1/2-1/2

[Event "Stork Young Masters"]
[Site "Hengelo"]
[Date "2004.08.10"]
[Round "3"]
[White "Zhigalko, Sergei"]
[Black "Bitalzadeh, Ali"]
[Result "1-0"]
[WhiteElo "2478"]
[BlackElo "2291"]
[PlyCount "59"]
[EventDate "2004.08.03"]
[EventType "tourn"]
[EventRounds "9"]
[EventCountry "NED"]
[EventCategory "5"]
[SourceTitle "CBM 101 Extra"]
[Source "ChessBase"]
[SourceDate "2004.09.01"]
[SourceVersion "2"]
[SourceVersionDate "2004.09.01"]
[SourceQuality "1"]

1. e4 c5 2. c3 d5 3. exd5 Qxd5 4. d4 Nf6 5. Nf3 Bg4 6. dxc5 Qxc5 7. Na3 Nbd7 8. Be3 Qc8 9. h3 Bh5 10. g4 Bg6 11. g5 Ne4 12. Bb5 Nd6 13. Bxd7+ Qxd7 14. Ne5 Qf5 15. Qa4+ Kd8 16. Nxg6 hxg6 17. O-O-O Qd7 18. Nb5 Qc6 19. Qb3 Ke8 20. Nxd6+ exd6 21. Bd4 Be7 22. Bxg7 Rh4 23. Rhe1 Re4 24. h4 Rc8 25. Qc2 Rxh4 26. Bf6 Rc7 27. Qe2 d5 28. Qe5 Qc5 29. Bxe7 Rxe7 30. Qb8+ 1-0

[Event "Stork Young Masters"]
[Site "Hengelo"]
[Date "2004.08.11"]
[Round "4"]
[White "Michiels, Bart"]
[Black "Zhigalko, Sergei"]
[Result "0-1"]
[WhiteElo "2450"]
[BlackElo "2478"]
[PlyCount "70"]
[EventDate "2004.08.03"]
[EventType "tourn"]
[EventRounds "9"]
[EventCountry "NED"]
[EventCategory "5"]
[SourceTitle "CBM 101 Extra"]
[Source "ChessBase"]
[SourceDate "2004.09.01"]
[SourceVersion "2"]
[SourceVersionDate "2004.09.01"]
[SourceQuality "1"]

1. e4 c5 2. Nf3 Nc6 3. d4 cxd4 4. Nxd4 Nf6 5. Nc3 e5 6. Ndb5 d6 7. Bg5 a6 8. Na3 b5 9. Bxf6 gxf6 10. Nd5 Bg7 11. c3 f5 12. exf5 Bxf5 13. Nc2 Be6 14. g3 O-O 15. Bg2 a5 16. O-O Rb8 17. Qh5 f5 18. Rad1 b4 19. Rd2 bxc3 20. bxc3 e4 21. Rfd1 Be5 22. Nce3 Qd7 23. Nc4 Qg7 24. Nde3 f4 25. gxf4 Bxf4 26. Kh1 Bxc4 27. Nxc4 Bxd2 28. Bxe4 Kh8 29. Rxd2 Ne5 30. Nxd6 Ng4 31. Nf5 Qg6 32. Qh4 Rxf5 33. f3 Nf6 34. Rg2 Qh5 35. Qg3 Rg8 0-1

[Event "Stork Young Masters"]
[Site "Hengelo"]
[Date "2004.08.11"]
[Round "5"]
[White "Zhigalko, Sergei"]
[Black "Muhren, Bianca"]
[Result "1/2-1/2"]
[WhiteElo "2478"]
[BlackElo "2282"]
[PlyCount "39"]
[EventDate "2004.08.03"]
[EventType "tourn"]
[EventRounds "9"]
[EventCountry "NED"]
[EventCategory "5"]
[SourceTitle "CBM 101 Extra"]
[Source "ChessBase"]
[SourceDate "2004.09.01"]
[SourceVersion "2"]
[SourceVersionDate "2004.09.01"]
[SourceQuality "1"]

1. e4 c5 2. c3 d5 3. exd5 Qxd5 4. d4 Nf6 5. Nf3 e6 6. Be3 cxd4 7. cxd4 Bb4+ 8. Nc3 O-O 9. Bd3 b6 10. O-O Bxc3 11. bxc3 Ba6 12. Re1 Bxd3 13. Qxd3 Rc8 14. Nd2 Nc6 15. Bf4 Nh5 16. Be3 Ne5 17. Qe2 Nc4 18. Nf1 Nf6 19. Rad1 Rc6 20. Bc1 1/2-1/2

[Event "Stork Young Masters"]
[Site "Hengelo"]
[Date "2004.08.13"]
[Round "7"]
[White "Zhigalko, Sergei"]
[Black "Michielsen, Joost"]
[Result "1-0"]
[WhiteElo "2478"]
[BlackElo "2285"]
[PlyCount "62"]
[EventDate "2004.08.03"]
[EventType "tourn"]
[EventRounds "9"]
[EventCountry "NED"]
[EventCategory "5"]
[SourceTitle "CBM 101 Extra"]
[Source "ChessBase"]
[SourceDate "2004.09.01"]
[SourceVersion "2"]
[SourceVersionDate "2004.09.01"]
[SourceQuality "1"]

1. e4 c5 2. c3 e6 3. d4 d5 4. e5 Nc6 5. Nf3 Qb6 6. a3 Nh6 7. b4 cxd4 8. cxd4 Nf5 9. Be3 f6 10. exf6 gxf6 11. Bd3 Nxe3 12. fxe3 Bh6 13. Qe2 O-O 14. Nc3 Ne7 15. O-O e5 16. e4 dxe4 17. Nxe4 exd4 18. Nc5 Be3+ 19. Kh1 Qd6 20. Rad1 b6 21. Bc4+ Kh8 22. Nb3 Nf5 23. Nbxd4 Bxd4 24. Nxd4 Nxd4 25. Qe4 Rb8 26. Rxd4 Qc7 27. Qd3 Qg7 28. Rf3 Rb7 29. Rg3 Qh6 30. h3 Rg7 31. Kh2 Bf5 1-0

[Event "EU-Cup 20th"]
[Site "Izmir"]
[Date "2004.10.07"]
[Round "5.3"]
[White "Eriksson, Magnus"]
[Black "Zhigalko, Sergei"]
[Result "0-1"]
[WhiteElo "2333"]
[BlackElo "2473"]
[PlyCount "104"]
[EventDate "2004.10.03"]
[EventType "team-swiss"]
[EventRounds "7"]
[EventCountry "TUR"]
[SourceTitle "CBM 104"]
[Source "ChessBase"]
[SourceDate "2005.01.27"]
[SourceVersion "1"]
[SourceVersionDate "2005.01.27"]
[SourceQuality "1"]
[WhiteTeam "Malmo Linhams"]
[BlackTeam "Minsk Vesnianka"]
[WhiteTeamCountry "SWE"]
[BlackTeamCountry "BLR"]

1. d4 Nf6 2. c4 e6 3. Nc3 Bb4 4. e3 O-O 5. Bd3 c5 6. Nge2 Nc6 7. O-O d5 8. cxd5 exd5 9. a3 cxd4 10. exd4 Bd6 11. f3 h6 12. Bc2 Re8 13. g4 Ne7 14. h4 Ng6 15. h5 Nf8 16. Kg2 Ne6 17. Be3 Bd7 18. Qd2 Rc8 19. Rh1 b5 20. Nd1 a5 21. Nf2 b4 22. a4 Re7 23. Rac1 Qe8 24. Ng3 Nf8 25. Bf4 Bxf4 26. Qxf4 Ne6 27. Qd2 Ng5 28. Bf5 Rxc1 29. Rxc1 Be6 30. b3 Qb8 31. Rc5 Re8 32. Rxa5 Bxf5 33. Nxf5 Qh2+ 34. Kxh2 Nxf3+ 35. Kg3 Nxd2 36. Rb5 Nxb3 37. Rxb4 Na5 38. Kf3 Nc4 39. Rb7 Ra8 40. Rb4 Re8 41. Rb7 Re1 42. Rb8+ Kh7 43. Rb7 Kg8 44. Rb8+ Kh7 45. Rb7 Kg8 46. Ne7+ Kh7 47. Nc6 Ra1 48. Na7 Ra3+ 49. Kf4 Ra2 50. Nd3 Rd2 51. Ne5 Rf2+ 52. Kg3 Ne4+ 0-1

[Event "Warsaw AIG Life rapid 5th-8th"]
[Site "Warsaw"]
[Date "2004.12.19"]
[Round "1"]
[White "Beliavsky, Alexander G"]
[Black "Zhigalko, Sergei"]
[Result "1-0"]
[WhiteElo "2679"]
[BlackElo "2478"]
[PlyCount "55"]
[EventDate "2004.12.19"]
[EventType "match (rapid)"]
[EventRounds "2"]
[EventCountry "POL"]
[SourceTitle "CBM 103 Extra"]
[Source "ChessBase"]
[SourceDate "2005.01.01"]
[SourceVersion "1"]
[SourceVersionDate "2005.01.01"]
[SourceQuality "1"]

1. d4 d5 2. c4 e6 3. Nf3 c6 4. Bg5 Nf6 5. Nc3 Be7 6. e3 O-O 7. Bd3 dxc4 8. Bxc4 b5 9. Bd3 Bb7 10. Bxf6 Bxf6 11. Qc2 h6 12. O-O Nd7 13. b4 a5 14. a3 axb4 15. axb4 Rxa1 16. Rxa1 e5 17. Ne4 exd4 18. Nxf6+ Qxf6 19. Ra7 Rb8 20. Nxd4 Qd6 21. Qc3 c5 22. bxc5 Nxc5 23. Nf5 Qf8 24. Bxb5 Bxg2 25. Kxg2 Rxb5 26. Qe5 Kh7 27. Nd6 Nd3 28. Qe4+ 1-0

[Event "Warsaw AIG Life rapid 5th-8th"]
[Site "Warsaw"]
[Date "2004.12.19"]
[Round "1"]
[White "Georgiev, Kiril"]
[Black "Zhigalko, Sergei"]
[Result "1-0"]
[WhiteElo "2626"]
[BlackElo "2478"]
[PlyCount "83"]
[EventDate "2004.12.19"]
[EventType "match (rapid)"]
[EventRounds "2"]
[EventCountry "POL"]
[SourceTitle "CBM 103 Extra"]
[Source "ChessBase"]
[SourceDate "2005.01.01"]
[SourceVersion "1"]
[SourceVersionDate "2005.01.01"]
[SourceQuality "1"]

1. e4 c5 2. Nf3 Nc6 3. Bb5 g6 4. O-O Bg7 5. Bxc6 dxc6 6. d3 Nf6 7. h3 Nd7 8. Nc3 e5 9. Be3 Qe7 10. Qd2 h6 11. Nh2 Nf8 12. f4 exf4 13. Rxf4 Be6 14. Raf1 Nd7 15. R4f2 O-O-O 16. Nf3 b6 17. Qe1 Kb7 18. b3 f5 19. Bd2 Qd6 20. Nh4 Bd4 21. Be3 Qg3 22. Bxd4 cxd4 23. exf5 Bxf5 24. Nxf5 gxf5 25. Ne2 Qe3 26. Kh1 Rde8 27. Qb4 c5 28. Qc4 Ne5 29. Qd5+ Ka6 30. b4 Rd8 31. Qb3 cxb4 32. Nf4 Nc6 33. Nd5 Qg3 34. Rxf5 Rhg8 35. Qc4+ Kb7 36. Rf7+ Kb8 37. Nf4 Rc8 38. Qa6 Rc7 39. Rxc7 Kxc7 40. Qc4 Re8 41. Qf7+ Re7 42. Nd5+ 1-0

[Event "Warsaw AIG Life rapid 5th-8th"]
[Site "Warsaw"]
[Date "2004.12.19"]
[Round "1"]
[White "Zhigalko, Sergei"]
[Black "Short, Nigel D"]
[Result "0-1"]
[WhiteElo "2478"]
[BlackElo "2684"]
[PlyCount "124"]
[EventDate "2004.12.19"]
[EventType "match (rapid)"]
[EventRounds "2"]
[EventCountry "POL"]
[SourceTitle "CBM 103 Extra"]
[Source "ChessBase"]
[SourceDate "2005.01.01"]
[SourceVersion "1"]
[SourceVersionDate "2005.01.01"]
[SourceQuality "1"]

1. e4 e5 2. Nf3 Nc6 3. Bb5 a6 4. Ba4 Nf6 5. O-O Be7 6. Re1 b5 7. Bb3 d6 8. c3 O-O 9. h3 Na5 10. Bc2 c5 11. d4 Qc7 12. Nbd2 cxd4 13. cxd4 Bd7 14. Nf1 Rfc8 15. Ne3 Nc6 16. d5 Nb4 17. Bb1 a5 18. Bd2 Na6 19. Nh2 g6 20. Nhg4 h5 21. Nxf6+ Bxf6 22. Nf1 Nc5 23. Be3 b4 24. Bc2 a4 25. Rc1 Qd8 26. Qd2 Rab8 27. Bb1 b3 28. a3 Bb5 29. Ng3 h4 30. Ne2 Bxe2 31. Qxe2 Bg5 32. Bd3 Qf6 33. Bxg5 Qxg5 34. Bb5 Ra8 35. Bc6 Ra5 36. Rc4 Kg7 37. Qe3 Qxe3 38. Rxe3 Kf6 39. Rb4 Ke7 40. Kf1 Rh8 41. Ke2 Rh5 42. Rb8 f5 43. exf5 gxf5 44. g4 Rh7 45. gxf5 Ra7 46. f6+ Kxf6 47. Rf3+ Kg5 48. Rd8 Rh6 49. Rff8 Rg7 50. Rfe8 e4 51. Rf8 Rgg6 52. Ra8 Rf6 53. Rg8+ Rhg6 54. Rxg6+ Kxg6 55. Bxa4 Rf3 56. Bb5 Rxh3 57. Rd8 Kf6 58. Rxd6+ Ke5 59. Rd8 Rh1 60. d6 Ne6 61. Rd7 Nd4+ 62. Ke3 Nxb5 0-1

[Event "Warsaw AIG Life rapid Gp3"]
[Site "Warsaw"]
[Date "2004.12.19"]
[Round "1"]
[White "Aleksandrov, Aleksej"]
[Black "Zhigalko, Sergei"]
[Result "0-1"]
[WhiteElo "2666"]
[BlackElo "2478"]
[PlyCount "76"]
[EventDate "2004.12.19"]
[EventType "tourn (rapid)"]
[EventRounds "6"]
[EventCountry "POL"]
[SourceTitle "CBM 103 Extra"]
[Source "ChessBase"]
[SourceDate "2005.01.01"]
[SourceVersion "1"]
[SourceVersionDate "2005.01.01"]
[SourceQuality "1"]

1. d4 d5 2. c4 e6 3. Nc3 c6 4. e3 Bd6 5. Bd3 f5 6. g4 Nf6 7. gxf5 exf5 8. Qc2 O-O 9. c5 Bc7 10. Bxf5 Kh8 11. Bxc8 Qxc8 12. f3 b6 13. Na4 Na6 14. Bd2 bxc5 15. Nxc5 Nxc5 16. Qxc5 Qa6 17. Qc2 Ne4 18. a3 Ng3 19. O-O-O Nxh1 20. Bb4 Nf2 21. Qxf2 Rfe8 22. Nh3 Qc4+ 23. Kb1 a5 24. Bc3 Rab8 25. Ka1 h6 26. e4 Bd6 27. Qc2 Bxa3 28. Rc1 Be7 29. Nf4 a4 30. Ng6+ Kg8 31. exd5 Qxd5 32. Qxa4 Bg5 33. Kb1 Bxc1 34. Kxc1 Qg5+ 35. f4 Qxg6 36. Qc4+ Qe6 37. Qd3 Qe3+ 38. Kc2 Qxd3+ 0-1

[Event "Warsaw AIG Life rapid Gp3"]
[Site "Warsaw"]
[Date "2004.12.19"]
[Round "1"]
[White "Balogh, Csaba"]
[Black "Zhigalko, Sergei"]
[Result "0-1"]
[WhiteElo "2513"]
[BlackElo "2478"]
[PlyCount "30"]
[EventDate "2004.12.19"]
[EventType "tourn (rapid)"]
[EventRounds "6"]
[EventCountry "POL"]
[SourceTitle "CBM 103 Extra"]
[Source "ChessBase"]
[SourceDate "2005.01.01"]
[SourceVersion "1"]
[SourceVersionDate "2005.01.01"]
[SourceQuality "1"]

1. e4 c5 2. Nf3 Nc6 3. Nc3 e5 4. Bc4 d6 5. d3 Be7 6. O-O Nf6 7. Bg5 O-O 8. Bxf6 Bxf6 9. Nd5 Bg4 10. h3 Bh5 11. c3 Rb8 12. a3 b5 13. Ba2 Bg5 14. b4 Kh8 15. g4 Bg6 0-1